Odhad parametrov Rayleighovo rozdelenia a Beta rozdelenia

Saved in:
Bibliographic Details
Main Author: Viktorínová, Božena
Other Authors: Valko, Stanislav
Format: Book Chapter
Language:Slovak
Tags: Add Tag
No Tags, Be the first to tag this record!

MARC

LEADER 00000naa$a2200000$$$4500
001 0063014
005 20240502071723.1
041 0 |a slo 
044 |a SK 
245 1 0 |a Odhad parametrov Rayleighovo rozdelenia a Beta rozdelenia  |c Božena Viktorínová, Stanislav Valko 
100 1 |a Viktorínová, Božena 
700 1 |a Valko, Stanislav